000 00469nam a2200181Ia 4500
001 2149
005 20260306143821.0
008 260306t2017||||xx |||||||||||||| ||spa||
041 _aESP
082 _a615.78
_bS72
100 _aSoutullo Esperón, César
_eAUT
245 0 _aGuía esencial de psicofarmacología del niño y del adolescente
260 _c2017
300 _axx, 298 páginas :
_c25 cm.
650 _aGEN
654 _aCPS
942 _cLIB
_dJUS
_fJUS
_2ddc
_n
999 _c2149
_d2149